| 000 | 01346cam a2200277 4500500 | ||
|---|---|---|---|
| 005 | 20260208000726.0 | ||
| 041 | _afre | ||
| 042 | _adc | ||
| 100 | 1 | 0 |
_aDrif, Leila _eauthor |
| 245 | 0 | 0 | _aSyrian janitors in Beirut |
| 260 | _c2021. | ||
| 500 | _a55 | ||
| 520 | _aSyrian janitors (nawāṭīr) are at the very core of urban life of Beirut: they provide local services for building residents, and, since 2011, they hold the keys of the city for newcomers who have fled the war in Syria. This article explores the Syrian refuge in Beirut through its residential dimension, based on the intermediary role of janitors. First, I present how this profession has been affected by changes in the migratory strategies of Syrian people in Lebanon. Then, I examine the way in which they make it possible for other urban refugees to access the city’s resources. | ||
| 690 | _aBeirut | ||
| 690 | _aintermediation | ||
| 690 | _ajanitor | ||
| 690 | _aresidential mobility | ||
| 690 | _aSyrian refuge | ||
| 690 | _aBeirut | ||
| 690 | _aIntermediation | ||
| 690 | _aJanitor | ||
| 690 | _aResidential mobility | ||
| 690 | _aSyrian refuge | ||
| 786 | 0 | _nEthnologie française | 51 | 2 | 2021-07-01 | p. 333-346 | 0046-2616 | |
| 856 | 4 | 1 | _uhttps://shs.cairn.info/journal-ethnologie-francaise-2021-2-page-333?lang=en&redirect-ssocas=7080 |
| 999 |
_c1643910 _d1643910 |
||